|
|
|
|
| LEADER |
00813Cam#a2200253#a#4500 |
| 001 |
021077 |
| 003 |
AR-BeUNQ |
| 005 |
20240710114245.0 |
| 008 |
090907s1968||||ag a ### #000|0#spa#d |
| 999 |
|
|
|c 20640
|d 96027
|
| 040 |
|
|
|a AR-BeUNQ
|e aacr
|
| 082 |
0 |
4 |
|a 808.1
|2 21
|
| 100 |
1 |
|
|a Omil, Alba
|
| 245 |
0 |
2 |
|a Leopoldo Lugones, poesía y prosa /
|c Alba Omil.
|
| 260 |
|
|
|a [Buenos Aires] :
|b Minor Nova,
|c 1968.
|
| 300 |
|
|
|a 118 p. ;
|c 18 cm.
|
| 504 |
|
|
|a Incluye referencias bibliográficas.
|
| 600 |
1 |
4 |
|a Lugones, Leopoldo
|d 1874-1938
|
| 650 |
|
7 |
|a Literatura (Arte)
|2 spines
|
| 650 |
|
7 |
|a Poesía en la literatura argentina
|2 ttll
|
| 651 |
|
7 |
|a Argentina
|2 spines
|
| 655 |
|
7 |
|2 ttll
|a Crítica literaria
|
| 929 |
|
|
|a DONACION
|b Margarita Pierini
|d 0,00
|e 20090821
|f PAT0031849
|g 1317 Exp. 827-0387/98
|j 44089
|
| 942 |
|
|
|c LIB
|n 0
|